000 00564nam a2200205Ia 4500
005 20250923144638.0
008 008 250917s9999 xx 000 0 eng d
037 _aTextual
040 _aDSWL
_beng
_cDSWL
041 _aeng
_2eng
084 _aX:9, J1
_qDSWL
100 _aLester, Richard A.
_9826950
245 0 _aLabour and Industrial Relations
_cby Richard Lester
260 _aNew York
_b Macmillan Co.
_c1951
300 _ax,413p.
365 _aUSD
_b5.5
925 _g5.5
942 _cTEXL
_hX:9, J1
999 _c1441572
_d1441572